000 00306nam a2200145Ia 4500
100 _aJolley
942 _cBK
366 _f20
245 _aIt only takes a minute to change your life
260 _bManjul
_c2012
082 _a808.83
_bJOL
300 _a212
546 _aMARATHI
_cComputers
999 _c19641
_d19641